| 000 | 01973nam a2200589 i 4500 | ||
|---|---|---|---|
| 001 | 5745 | ||
| 003 | KOSZ 005 | ||
| 005 | 20240405062953.0 | ||
| 008 | 970510s1993 pl f |000 0 pol | ||
| 015 | _aPB 1993/9385 | ||
| 020 | _a8320415640 | ||
| 035 | _a991001122689705066 | ||
| 035 | _a(PL-WaBN)b1033368x-48omnis_nlop | ||
| 035 | _ab1033368x | ||
| 035 | _a(OCoLC)749461981 | ||
| 035 | _a(PL)b0000001033368 | ||
| 035 | _a(EXLNZ-48OMNIS_NETWORK)9910088584205606 | ||
| 040 |
_aWA N _cWA N _dKOSZ 005/EG _dKOSZ 005/HR |
||
| 041 | 1 |
_apol _heng |
|
| 046 | _k1963 | ||
| 080 | _a334.75(73)"19" | ||
| 080 | _a658.1/.5 | ||
| 080 | _a339.1 | ||
| 080 | _a629.33(73)"19" | ||
| 100 | 1 |
_aSloan, Alfred P. _d(1875-1966) _eAutor |
|
| 245 | 1 | 0 |
_aMoje lata z GM - General Motors / _cAlfred P. Sloan, jr ; z ang. przeł. Andrzej Ehrlich. |
| 246 | 3 | 0 |
_iTyt. oryg.: _aMy years with General Motors, _f1963 |
| 260 |
_aWarszawa : _bWydawnictwa Naukowo-Techniczne, _c1993. |
||
| 300 |
_a439, [1] s. ; _c24 cm. |
||
| 336 |
_2rdacontent _aTekst _btxt |
||
| 337 |
_2rdamedia _aBez urządzenia pośredniczącego _bn |
||
| 338 |
_2rdacarrier _aWolumin _bnc |
||
| 380 | _aKsiążki | ||
| 380 | _aPublikacje fachowe | ||
| 388 | _a1901-2000 | ||
| 388 | _a1989-2000 | ||
| 490 | 1 | _aLudzie Wielkiego Biznesu | |
| 610 | 2 | 7 |
_aGeneral Motors Corporation _2DBN |
| 648 | _a1901-2000 | ||
| 650 | 7 |
_aPrzedsiębiorstwo _2DBN |
|
| 650 | 7 | _aOrganizacja | |
| 650 | 7 |
_aPrzemysł motoryzacyjny _2DBN |
|
| 650 | 7 |
_aZarządzanie _2DBN |
|
| 651 | _aStany Zjednoczone (USA) | ||
| 658 | _aZarządzanie i marketing | ||
| 700 | 1 |
_aEhrlich, Andrzej _eTłumaczenie |
|
| 710 | 2 |
_aWydawnictwa Naukowo-Techniczne _4pbl |
|
| 830 | 0 | _aLudzie Wielkiego Biznesu | |
| 856 |
_uhttp://koha.tu.koszalin.pl/cgi-bin/koha/opac-detail.pl?biblionumber=5745 _yKatalog online BPK |
||
| 942 |
_2UKD _cKS |
||
| 999 |
_c5745 _d5745 |
||